Derechos a la libertad de información y expresión en el contrato de trabajo (Registro nro. 171267)

Detalles MARC
000 -LEADER
fixed length control field 02144nam a22002537a 4500
007 - PHYSICAL DESCRIPTION FIXED FIELD--GENERAL INFORMATION
fixed length control field cr|||| ||||
008 - FIXED-LENGTH DATA ELEMENTS--GENERAL INFORMATION
fixed length control field 220217s2020 es |||||s|||| 00||0 spa d
020 ## - INTERNATIONAL STANDARD BOOK NUMBER
International Standard Book Number 978-84-122314-2-7
035 ## -
-- 35572
040 ## - CATALOGING SOURCE
Original cataloging agency vLex
090 ## -
-- 13031
-- 13031
100 1# - MAIN ENTRY--PERSONAL NAME
Personal name Aparicio Aldana, Rebeca Karina
245 10 - TITLE STATEMENT
Title Derechos a la libertad de información y expresión en el contrato de trabajo
Medium [Recurso electrónico] /
Statement of responsibility, etc Rebeca Karina Aparicio Aldana
256 ## -
-- Servicio en línea
260 ## - PUBLICATION, DISTRIBUTION, ETC. (IMPRINT)
Place of publication, distribution, etc Barcelona:
Name of publisher, distributor, etc J.M. Bosch Editor,
Date of publication, distribution, etc 2020
300 ## - PHYSICAL DESCRIPTION
Extent 1 recurso electrónico
500 ## - GENERAL NOTE
General note Esta obra se aboca al estudio de los derechos a la libertad de información y expresión en el contrato de trabajo, con el fin de dar una solución a los conflictos que se presentan ante la dificultad de los operadores jurídicos para distinguir, en los casos concretos, ambos derechos fundamentales. Para ello, aborda las implicaciones jurídicas de su ejercicio en las relaciones laborales, analizando la doctrina científica al respecto y los diversos pronunciamientos del Tribunal Constitucional, Tribunal Supremo, Audiencia Nacional y de los Tribunales europeos, desde una perspectiva armonizadora de los derechos fundamentales. Esta monografía está dirigida a abogados, operadores jurídicos, organizaciones sindicales, organizaciones no gubernamentales de protección de los derechos fundamentales, administraciones públicas dedicadas a la protección de los derechos de los trabajadores, investigadores jurídicos, especialistas en recursos humanos, entre otros interesados en la defensa de estos derechos de vital relevancia en una sociedad democrática.
506 1# - RESTRICTIONS ON ACCESS NOTE
Terms governing access Disponible solo en los productos indicados
Authorized users vLex Global
-- vLex Global (Academic Edition, excluding Law Schools)
-- vLex Global (U.S. Academic Edition, Law Schools)
-- vLex Global (U.S. Academic Edition, excluding Law Schools)
-- vLex Global (Academic Edition, Law Schools)
650 04 - SUBJECT ADDED ENTRY--TOPICAL TERM
Topical term or geographic name as entry element Derecho Laboral y Seguridad Social
Geographic subdivision España
740 0# -
-- vLex Libros (Servicio en línea)
856 40 - LOCALIZACIÓN Y ACCESO ELECTRÓNICO
Identificador Uniforme del Recurso (URI/URL) https://app.vlex.com/#/sources/35572
942 ## -
-- RAA
999 ## -
-- 171267
-- 171267

No hay ítems disponibles.


CONTACTO


NOSOTROS


SITIOS DE INTERES

coordinacion.biblioteca.biblioteca@unienlinea.mx Misión, Visión y Objetivos Bases de datos
Directorio Bibliotecas Digitales y Repositorios
Normatividad Revistas y artículos
Convenios interbibliotecarios
Boletines



Hecho en México. Universidad Insurgentes (UIN). Todos los derechos reservados 2024. Esta página y sus contenidos pueden ser reproducidos con fines no lucrativos, siempre y cuando no se mutile, se cite la fuente completa y su dirección electrónicas. De otra forma requiere permiso previo por escrito de la institución




2024 Copyright Universidad Insurgentes | www.bibliouin.com.mx